| 000 | 01430nam a2200253 i 4500 | ||
|---|---|---|---|
| 001 | 162000 | ||
| 003 | ES-MaACL | ||
| 005 | 20250830020105.0 | ||
| 008 | 931025s1757 be |||| | lat d | ||
| 040 |
_aCYL _bspa _cPAB |
||
| 100 | 0 |
_aPetrus Lombardus ( _dca. 1095-1160) _9131075 |
|
| 245 | 1 | 0 |
_aPetri Lombardi novariensis Episcopi parisiensis, Sententiarum libri quatuor ... / _cper Ioannem Aleaume ... ; nunc primùm vere restituti & indicibus, ac numeris authorum libros & capita monstrantibus quam fidelissimè absoluti ; ad calcem operis subjiciuntur articuli erronei ... , atque ab eorum assertoribus recantati, adiectis nonnullis ipsius magistri, in quibus communiter non approbatur ; accessit etiam recens tabula in primum sententiarum librum F. Roberti Wiarti... |
| 260 |
_aAntuerpiae : _bsumptibus Marci-Michael Bousquet & Socii, _c1757. |
||
| 300 |
_aXXXVIII, [2] en bl., 685 p., [1] h. pleg. ; _c4º. |
||
| 597 | _aSign. : [cruz latina]-5[cruz latina]4, A-Z4, 2A-2Z4, 3A-3Z4, 4A-4Q4, 4R3. | ||
| 597 | _aPort. a dos tintas. | ||
| 597 | _aLa h. pleg. corresponde a la "Tabula in primum sententiarum ..." | ||
| 650 | 0 | 7 |
_aTeología dogmática _2embne _917468 |
| 700 | 1 |
_aAleaume, Jean. _9125599 |
|
| 700 | 1 |
_aWiart, Robert. _9133926 |
|
| 740 | 0 | 1 | _aSententiarum libri quatuor. |
| 852 |
_aES-MaACL _jR-265 _z-- Enc. piel con hierros _z-- Legado M. de la Fuente _x OLIM: C-2863 |
||
| 999 |
_c162000 _d162000 |
||